=LDR 00000nam 2200000 4500 =001 000309 =005 20250710021814 =035 ##$$a 0010-0725000162 =007 ta =008 250710################a##########0#ind## =020 ##$$a 978-623-307-349-3 =082 ##$$a 398.209 598 =084 ##$$a 398.209 598 VAR a =100 #$$a varsha seshan =245 1#$$a apa yang akan terjadi jika ? /$c varsha seshan =250 ##$$a cetakan kedua =260 ##$$a Rawamangun :$b Badan pusat pengembangan dan pembinaan bahasa,$c 2022 =300 ##$$a 14 hlm. : $b ilus. ; $c 21 cm. =650 #4$$a cerita anak indonesia-terjemahan =856 ##$$a TBM As suhada =990 ##$$a TBM202400012